MARC

LEADER 00000nam0a2200000 4500
001 155438
005 20231031152435.0
010 |a 5120023509 
020 |a RU  |b 91-57177 
035 |a (RuTPU)RU\TPU\book\168615 
090 |a 155438 
100 |a 20090314d1991 k a0rusy5003 ca 
101 0 |a rus 
102 |a UA 
105 |a a z 001zy 
200 1 |a Магнитная потенциальная яма - эффект стабилизации сверхпроводящих динамических систем  |f В. С. Михалевич [и др.]  |g Академия наук Украинской ССР (АН УССР), Институт кибернетики (ИК) 
210 |a Киев  |c Наук. думка  |d 1991 
215 |a 336 с.  |c ил.  |d 22 см 
320 |a Библиогр.: с. 327-333. (163 назв.) 
610 1 |a потенциальная яма 
610 1 |a электромагниты сверхпроводящие 
610 1 |a магнитная яма 
610 1 |a подвес свободный 
610 1 |a динамические системы 
610 1 |a сверхпроводящие системы 
675 |a 538.94  |z rus 
701 1 |a Михалевич  |b В. С.  |g Владимир Сергеевич 
701 1 |a Козорез  |b В. В.  |g Василий Васильевич 
701 1 |a Рашкован  |b В. М.  |g Василий Маркович 
701 1 |a Хусаинов  |b Д. Я.  |g Денис Яхъевич 
712 0 2 |a Академия наук Украинской ССР (АН УССР)  |b Институт кибернетики (ИК)  |2 stltpush  |3 (RuTPU)RU\TPU\col\11437 
801 0 |a RU  |b RuMRKP  |c 19950417  |g psbo 
801 1 |a RU  |b 63413507  |c 20090314  |g PSBO 
801 2 |a RU  |b 63413507  |c 20180921  |g PSBO 
942 |c BK